000 00499nam a22001697a 4500
005 20231123124421.0
008 231123b |||||||| |||| 00| 0 eng d
020 _a
041 _aEnglish
082 _a341.48 SAN
100 _aSandhu, H
_lEnglish
245 _aGerman Indian Law :
_bA Comparative Study /
_cH Sandhu
260 _aIndia :
_bBaikunth Publications,
_c2010
300 _b170 pages ;
_c22,5 cm.
650 _aLegal practice
_bLaw
942 _cBK
_6ALISON_BN_VRIES
999 _c897
_d897